000 00451nam a2200181Ia 4500
001 22603
005 20260414150842.0
008 260414t2015||||xx |||||||||||||| ||spa||
041 _aESP
082 _a621.38216
_bE354
100 _aElhanany, Itamar
_eAUT
245 0 _aHigh performance packet switching architectures
_b
260 _c2015
300 _ax, 230 páginas :
_c23 cm.
650 _aTCA
654 _aCET
942 _cLIB
_dJUS
_fJUS
_2ddc
_n
999 _c22603
_d22603